Szilvásvárad kulturális turizmusa (A turisztikai termékek vizsgálata és a termékfejlesztés lehetőségeinek modellezése)

Bibliográfiai részletek
Szerző: Czompó Ágnes
További közreműködők: Schultz Dr. Éva
Dokumentumtípus: Projektmunka
Kulcsszavak:fejlesztési lehetőségek
fogyasztói kultúra
kulturális turizmus
Szilvásvárad
turizmus
Online Access:http://dolgozattar.uni-bge.hu/59912

MARC

LEADER 00000nnm a2200000 i 4500
001 dolg59912
005 20260409145733.0
008 260409suuuu hu o 000 hun d
040 |a BGE Dolgozattár Repozitórium  |b hun 
041 |a hu 
100 1 |a Czompó Ágnes 
245 1 0 |a Szilvásvárad kulturális turizmusa (A turisztikai termékek vizsgálata és a termékfejlesztés lehetőségeinek modellezése)  |c Czompó Ágnes  |h [elektronikus dokumentum] 
516 |a Project_work 
520 3 |a A dolgozat célja, hogy bemutassa Szilvásvárad kulturális turizmusát, külön figyelmet fordítva arra, milyen turisztikai termékekkel rendelkezik a település, és milyen lehetőségek vannak ezek továbbfejlesztésére. Bár Szilvásvárad elsősorban lenyűgöző természeti kincseiről ismert, mint például a Szalajka-völgy vagy a Fátyol-vízesés, mégis kevésbé esik szó a kulturális kínálatról, amely szintén figyelemre méltó. A település gazdag történelmi múlttal rendelkezik, épített öröksége, gasztronómiai különlegességei és rendezvényei mind hozzájárulnak ahhoz, hogy kulturális szempontból is vonzó célpont legyen az érdeklődők számára. A dolgozat első szakaszában áttekintem a kulturális turizmus elméleti hátterét, ismertetve annak jelentőségét és különféle típusait. Ezt követően részletesen foglalkozom Szilvásvárad kulturális kínálatával, különös hangsúlyt fektetve a történelmi örökségre, a rendezvényekre és a helyi hagyományokra. A dolgozat további részei a kulturális turizmus gazdasági szerepét, a vendéglátó- és szálláshelyek fontosságát, valamint a lehetséges termékfejlesztési irányokat tárgyalják. 
695 |a fejlesztési lehetőségek 
695 |a fogyasztói kultúra 
695 |a kulturális turizmus 
695 |a Szilvásvárad 
695 |a turizmus 
700 1 |a Schultz Dr. Éva  |e ths 
856 4 0 |u http://dolgozattar.uni-bge.hu/59912/1/Czomp%C3%B3%20%C3%81gnes_MVM95I_Projektmunka%20%282%29.pdf  |z Dokumentum-elérés 
856 4 0 |u http://dolgozattar.uni-bge.hu/59912/2/Czomp%C3%B3%20%C3%81gnes_MVM95I_Projektmunka%20%282%29.pdf  |z Dokumentum-elérés 
856 4 0 |u http://dolgozattar.uni-bge.hu/59912/3/Czomp%C3%B3%20%C3%81gnes_FOSZK_b%C3%ADr%C3%A1lat_Schultz%20%C3%89va.pdf  |z Dokumentum-elérés